vufinder Bibliothèque Municipale de Charleval de Provence
Se connecter

Guide du parfum (Le)

pour elle et lui

Book Cover
Auteur principal: Rebecca Veuillet-Gallot
Support: Livres
Langue: Francais
Publié: 2013 Hors Collection Paris
Genre: Documentaire
Sujets:
Étiquettes: Ajouter
Pas de Tags !

LEADER 01106nam0a2200217 450
001 16848315
010 |a 978-2-258-10358-0  |b br.  |d 19,5 € 
100 |a 20130423d2013 u u0frey01 ba 
101 0 |a fre 
102 |a FR 
200 0 |a Guide du parfum (Le)  |e pour elle et lui  |f Rébecca Veuillet-Gallot 
205 |a Nouvelle édition 
207 1 |a   
210 |a Paris  |c Hors Collection  |d 2013 
215 |a 168 p.  |c illustrations en couleur  |d 21 x 13 cm 
300 |a Glossaire 
330 |a Répertorie plus de 400 parfums classés par famille olfactive (les floraux, les ambrés, les chyprés, les boisés, les fougères, les hespéridés et les cuirs) et évoque leur histoire et leur composition. Présente selon le développement de la cosmétique masculine, une large gamme de parfums pour hommes. Ce guide pour s'orienter dans l'univers de la parfumerie comporte un carnet des meilleures adresses. 
700 0 |a Veuillet-Gallot  |b Rebecca  |4 70 
900 |a Documentaire 
901 |a Accessible au prêt 
995 |a Bibliothèque  |c Bibliothèque  |f 00156005907183  |h 00156005907183  |k 668 VEU  |o p  |q a  |r az  |e Bibliothèque 

Options de recherche

Historique de recherche
Recherche avancée

Trouver plus

Nouveautés

Besoin d'aide ?

Contacter un bibliothécaire